Měření elektrické energie /

Uložené v:
Podrobná bibliografia
Hlavný autor: Drechsler, Richard (Autor)
Médium: Kniha
Jazyk:Czech
Vydavateľské údaje: Praha : SNTL, 1966
Vydanie:1.vyd.
Predmet:
Tagy: Pridať tag
Žiadne tagy, Buďte prvý, kto otaguje tento záznam!

MARC

LEADER 00000nam a22000003a 4500
001 stu35661
005 20150617225658.7
008 920430s1966----cs------------------cze-d
040 |a STU  |b slo 
041 0 |a cze 
044 |a cs 
080 |a 621.317.31  |7 stu_us_auth*stu6098 
100 1 |a Drechsler, Richard  |4 aut 
245 1 |a Měření elektrické energie /  |c [aut.]Richard Drechsler 
250 |a 1.vyd. 
260 |a Praha :  |b SNTL,  |c 1966 
300 |a 410 s 
650 7 |a meranie  |2 stusub 
650 7 |a energia elektrická  |2 stusub 
996 |b 284M022193  |c M*7391-1  |l MMKN  |s A  |a 24  |w stu35661_0001